Southville International School and Colleges
Your cart is empty.
  • Cart
  • Lists
    Public lists Eva Luna New books Lux_list list_1
    Your lists Log in to create your own lists
  • Log in to your account
  • Your cookies
  • Search history
Southville International School and Colleges
  • Advanced search
  • Recent comments
  • Most popular
  • Libraries

Log in to your account

Log in with GOOGLE


If you do not have an external account, but do have a local account, you can still log in:

  1. Home
  2. MARC view: The tiger of desire /
Normal view MARC view ISBD view

The tiger of desire / (Record no. 11018)

[ view plain ]
MARC details
000 -LEADER
fixed length control field 00598nam a22002177a 4500
003 - CONTROL NUMBER IDENTIFIER
control field LC
005 - DATE AND TIME OF LATEST TRANSACTION
control field 20160229100610.0
008 - FIXED-LENGTH DATA ELEMENTS--GENERAL INFORMATION
fixed length control field 121115t xxu||||| |||| 00| 0 eng d
020 ## - INTERNATIONAL STANDARD BOOK NUMBER
International Standard Book Number 000647313X
050 ## - LIBRARY OF CONGRESS CALL NUMBER
Classification number PR 6070.R367
Item number .T794 1993
082 ## - DEWEY DECIMAL CLASSIFICATION NUMBER
Classification number FIC
Item number T72t 1992
100 ## - MAIN ENTRY--PERSONAL NAME
Personal name Trenhaile, John
9 (RLIN) 17920
245 ## - TITLE STATEMENT
Title The tiger of desire /
Statement of responsibility, etc John Trenhaile
260 ## - PUBLICATION, DISTRIBUTION, ETC. (IMPRINT)
Place of publication, distribution, etc London :
Name of publisher, distributor, etc harper Collins Publishers,
Date of publication, distribution, etc c1993.
300 ## - PHYSICAL DESCRIPTION
Extent 446 p. :
Dimensions 18 cm.
650 ## - SUBJECT ADDED ENTRY--TOPICAL TERM
Topical term or geographic name as entry element Fiction.
9 (RLIN) 746
650 ## - SUBJECT ADDED ENTRY--TOPICAL TERM
Topical term or geographic name as entry element Great Britain -- Fiction.
650 ## - SUBJECT ADDED ENTRY--TOPICAL TERM
Topical term or geographic name as entry element Spy stories -- Fiction.
942 ## - ADDED ENTRY ELEMENTS (KOHA)
Source of classification or shelving scheme Library of Congress Classification
Koha item type Books
Holdings
Withdrawn status Lost status Source of classification or shelving scheme Damaged status Home library Current library Shelving location Date acquired Total Checkouts Full call number Barcode Date last seen Copy number Price effective from Koha item type
    Library of Congress Classification   Luxembourg Library Luxembourg Library Fiction Section 09/12/2013   PR 6070.R367 .T794 1993 6813 11/11/2015 1 09/12/2013 Books

The tiger of desire /

APA

Trenhaile J., . (1993). The tiger of desire. London: harper Collins Publishers.

Chicago

Trenhaile John, . 1993. The tiger of desire. London: harper Collins Publishers.

Harvard

Trenhaile J., . (1993). The tiger of desire. London: harper Collins Publishers.

MLA

Trenhaile John, . The tiger of desire. London: harper Collins Publishers. 1993.

  • Place hold
  • Print
  • Cite
  • Add to your cart (remove)
  • Save record
    BIBTEX Dublin Core MARCXML MARC (non-Unicode/MARC-8) MARC (Unicode/UTF-8) MARC (Unicode/UTF-8, Standard) MODS (XML) RIS
  • More searches
    Search for this title in:
    Other Libraries (WorldCat) Other Databases (Google Scholar) Online Stores (Bookfinder.com) Open Library (openlibrary.org)

Exporting to Dublin Core...

SOUTHVILLE LIBRARY

Southville International School and Colleges Library

1281 Tropical Ave. Cor. Luxembourg St., BF Homes International, Las Pinas City

Tel. No. 8256374 / 252358 Loc. 117/146

Powered by Koha